| 000 | 00950nam a2200277 i 4500 | ||
|---|---|---|---|
| 001 | 87155 | ||
| 003 | ES-MaACL | ||
| 005 | 20250815080734.0 | ||
| 007 | t| | ||
| 008 | 041220s1975 sp ||||1| spa d | ||
| 020 | _a84-292-9606-9 | ||
| 080 | _a327.2(091) | ||
| 080 | _a94(450.82)"1282/1409" | ||
| 100 | 1 |
_aKoeniesberger, Helmut G. _968440 |
|
| 245 | 1 | 3 |
_aLa práctica del imperio / _cHelmut G. Koeniesberger ; prólogo de J.M. Batista i Roca ; traducido por Graciela Soriano. |
| 260 |
_aMadrid : _bRevista de Occidente, _c[1975] |
||
| 300 |
_a252 p. ; _c21 cm. |
||
| 490 | 1 | _aBiblioteca de ciencias históricas | |
| 650 | 0 | 0 |
_aImperialismo- _xHistoria. _913602 |
| 651 | 4 |
_aSicilia- _xHistoria- _y1282-1409. _9171938 |
|
| 700 | 1 |
_aBatista i Roca, Josep María. _926437 |
|
| 700 | 1 |
_aSoriano, Graciela. _9107378 |
|
| 830 | 1 | 0 |
_aBiblioteca de ciencias históricas _9231774 |
| 852 |
_aES-MaACL _jE-7757 |
||
| 999 |
_c87155 _d87155 |
||